LEADER 01143nam0-22003611i-450- 001 990007947650403321 005 20041111131842.0 010 $a88-386-2751-7 035 $a000794765 035 $aFED01000794765 035 $a(Aleph)000794765FED01 035 $a000794765 100 $a20041111d2001----km-y0itay50------ba 101 1 $aita$ceng 102 $aIT 105 $ay-------001yy 200 1 $aPsicoterapia di coppia$emodelli a confronto$fFrank M. Dattilio, Louis J. Bevilacqua$gedizione italiana a cura di Vittorio Cigoli 210 $aMilano$cMcGraw-Hill$d2001 215 $aXXXIX, 402 p.$d24 cm 225 1 $aCollana di psicologia 454 1$12001$aComparative treatments for relationship dysfunction$952628 610 0 $aCoppia$aPsicoterapia 676 $a616.89156 700 1$aDattilio,$bFrank M.$0287242 701 1$aBevilacqua,$bLouis J.$0287243 702 1$aCigoli,$bVittorio 801 0$aIT$bUNINA$gRICA$2UNIMARC 901 $aBK 912 $a990007947650403321 952 $aP.I PEP 428$fFLFBC 959 $aFLFBC 996 $aComparative treatments for relationship dysfunction$952628 997 $aUNINA LEADER 03923oas 2201429 a 450 001 9910139174803321 005 20260213231753.0 011 $a2162-0725 035 $a(DE-599)ZDB2066124-1 035 $a(OCoLC)60615777 035 $a(CONSER) 2011204512 035 $a(CKB)960238507119 035 $a(DE-599)2066124-1 035 $a(EXLCZ)99960238507119 100 $a20050614b19242017 sy a 101 0 $aeng 135 $aurun||||||||| 181 $ctxt$2rdacontent 182 $cc$2rdamedia 183 $acr$2rdacarrier 200 10$aChildhood education 210 $a[Wheaton, MD] $c[Association for Childhood Education International]$d1924- 215 $a1 online resource 300 $aRefereed/Peer-reviewed 300 $a"Over the next few issues, readers will begin to see changes in the journal that reflect a shift to Childhood Education: Innovations. ... we are re-invigorating Childhood Education to focus more completely on innovation in education. In Childhood Education: Innovations, we hope to capture both the excitement and the inspirational moments of this new day in education..." Vol. 93, issue 4 (2017). 311 08$aPrint version: Childhood education (DLC) 26004861 (OCoLC)1554226 0009-4056 606 $aEducation$vPeriodicals 606 $aEducation, Elementary$vPeriodicals 606 $aKindergarten$vPeriodicals 606 $aEducational innovations$vPeriodicals 606 $aPsychology, Child 606 $aEducation 606 $aE?ducation$vPe?riodiques 606 $aJardins d'enfants$vPe?riodiques 606 $aEducational innovations$2fast$3(OCoLC)fst00903483 606 $aEducation$2fast$3(OCoLC)fst00902499 606 $aKindergarten$2fast$3(OCoLC)fst00987552 606 $aEducation$vPeriodicals$2nli 606 $aKindergarten$vPeriodicals$2nli 608 $aPeriodical. 608 $aperiodicals.$2aat 608 $aPeriodicals.$2fast 608 $aPeriodicals.$2lcgft 608 $aPe?riodiques.$2rvmgf 615 0$aEducation 615 0$aEducation, Elementary 615 0$aKindergarten 615 0$aEducational innovations 615 2$aPsychology, Child. 615 2$aEducation. 615 6$aE?ducation 615 6$aJardins d'enfants 615 7$aEducational innovations. 615 7$aEducation. 615 7$aKindergarten. 615 7$aEducation 615 7$aKindergarten 676 $a372 676 $a372 712 02$aAssociation for Childhood Education International 712 02$aInternational Kindergarten Union 712 02$aAssociation for Childhood Education (U.S.) 801 0$bOCLCS 801 1$bOCLCS 801 2$bFGA 801 2$bUV0 801 2$bAUD 801 2$bOCLCE 801 2$bOCLCQ 801 2$bDLC 801 2$bUKMGB 801 2$bTXA 801 2$bOCLCO 801 2$bOCLCQ 801 2$bOCLCF 801 2$bOCLCO 801 2$bFIE 801 2$bOCLCO 801 2$bOCLCQ 801 2$bOCLCO 801 2$bOCLCQ 801 2$bOCLCO 801 2$bDML 801 2$bTSC 801 2$bOCLCO 801 2$bOCLCQ 801 2$bNLE 801 2$bOCLCA 801 2$bBUF 801 2$bDLC 801 2$bOCLCO 801 2$bU3W 801 2$bELW 801 2$bOCLCO 801 2$bGILDS 801 2$bMOW 801 2$bOCLCA 801 2$bREC 801 2$bAU@ 801 2$bOCLCO 801 2$bWYU 801 2$bOCLCO 801 2$bVT2 801 2$bSFB 801 2$bUEJ 801 2$bCNMTR 801 2$bOCLCQ 801 2$bOCLCO 801 2$bCUI 801 2$bDLC 801 2$bOCLCO 801 2$bOCLCA 801 2$bOCL 801 2$bOCLCO 801 2$bOCLCQ 801 2$bIOY 801 2$bOCLCL 801 2$bOCLCQ 906 $aJOURNAL 912 $a9910139174803321 996 $aChildhood education$93670547 997 $aUNINA